Konjunkturálne prieskumy priemysel. Stavebníctvo. Obchod. Služby

Salvato in:
Dettagli Bibliografici
Natura: Periodico
Lingua:slovacco
Pubblicazione: Bratislava Štatistický úrad Slovenskej republiky 2006
Soggetti:
Tags: Aggiungi Tag
Nessun Tag, puoi essere il primo ad aggiungerne!!

MARC

LEADER 00000nas2a2200000 4500
001 0109562
005 20100129132545.9
041 0 |a slo 
044 |a SK 
245 1 0 |a Konjunkturálne prieskumy  |b priemysel. Stavebníctvo. Obchod. Služby 
264 1 |a Bratislava  |b Štatistický úrad Slovenskej republiky  |c 2006 
773 0 |w eu_un_cat*s124273 
610 2 0 |a konjunktúra 
610 2 0 |a prieskum konjunktúrny 
610 2 0 |a Slovensko